Effect of AGN on the ISM of their hosts (Record no. 36101)

MARC details
000 -LEADER
fixed length control field 00797 a2200217 4500
003 - CONTROL NUMBER IDENTIFIER
control field IN-BaIIA
005 - DATE AND TIME OF LATEST TRANSACTION
control field 20250825155545.0
008 - FIXED-LENGTH DATA ELEMENTS--GENERAL INFORMATION
fixed length control field 250825b |||||||| |||| 00| 0 eng d
040 ## - CATALOGING SOURCE
Transcribing agency IIA Library
100 ## - MAIN ENTRY--PERSONAL NAME
Personal name Nandi, Payel
9 (RLIN) 49247
245 ## - TITLE STATEMENT
Title Effect of AGN on the ISM of their hosts
Remainder of title a multi-wavelength perspective
Statement of responsibility, etc. Payel Nandi
Medium [Thesis]
260 ## - PUBLICATION, DISTRIBUTION, ETC.
Place of publication, distribution, etc. Bangalore
Name of publisher, distributor, etc. Indian Institute of Astrophysics
Date of publication, distribution, etc. 2024
300 ## - PHYSICAL DESCRIPTION
Extent xxxii, 147p.
502 ## - DISSERTATION NOTE
Degree type Doctor of Philosophy
Name of granting institution Indian Institute of Science, Bangalore
Year degree granted 2024
650 ## - SUBJECT ADDED ENTRY--TOPICAL TERM
Topical term or geographic name entry element Host galaxies
9 (RLIN) 26353
650 ## - SUBJECT ADDED ENTRY--TOPICAL TERM
Topical term or geographic name entry element Active galactic nuclei
9 (RLIN) 6209
650 ## - SUBJECT ADDED ENTRY--TOPICAL TERM
Topical term or geographic name entry element Interstellar medium
9 (RLIN) 3375
700 ## - ADDED ENTRY--PERSONAL NAME
Personal name Stalin C. S.
Relator term Supervisor
9 (RLIN) 48866
856 ## - ELECTRONIC LOCATION AND ACCESS
Uniform Resource Identifier <a href="http://prints.iiap.res.in/handle/2248/8747">http://prints.iiap.res.in/handle/2248/8747</a>
Link text Click Here to Access eThesis
942 ## - ADDED ENTRY ELEMENTS (KOHA)
Source of classification or shelving scheme Universal Decimal Classification
Koha item type Thesis & Dissertations
Holdings
Withdrawn status Lost status Source of classification or shelving scheme Damaged status Not for loan Home library Current library Shelving location Date acquired Source of acquisition Cost, normal purchase price Total Checkouts Barcode Date last seen Date last checked out Cost, replacement price Price effective from Koha item type Purchase Price
    Dewey Decimal Classification     IIA Library-Bangalore IIA Library-Bangalore General Stacks 15/07/2025 74 0.00 1 20710 13/02/2026 13/02/2026 0.00 25/08/2025 Thesis & Dissertations  

Powered by Koha